000 00551nam a22001457a 4500
020 _a81-222-0322-1
082 _aFER/B
100 _aFERNANDEZ, J,J,MENDOZA
245 _aBRAIN TEASER
260 _aUSA
_bORIENT PAPER BACKS
_c2002
300 _a135
520 _aA brain teaser is a form of puzzle that requires thought to solve. It often requires thinking in unconventional ways with given constraints in mind; sometimes it also involves lateral thinking. Logic puzzles and riddles are specific types of brain teasers.
650 _aG.K
942 _cBK
999 _c6736
_d6736